| 000 | nam a22 a 4500 | ||
|---|---|---|---|
| 999 |
_c2330 _d2330 |
||
| 003 | AKMAL | ||
| 005 | 20170516095533.0 | ||
| 008 | 170516s2007 my dao e | a001 0 may d | ||
| 015 | _aM091-01431 | ||
| 020 |
_a9789833109272 (kkt.) : _cRM68.00 |
||
| 039 | 9 |
_a200912081346 _bsuzilawati _c200912021114 _dhayati _c200911260821 _dazril _c200910141154 _dariza1 |
|
| 040 |
_aAKMAL _cAKMAL |
||
| 082 | 0 | 4 |
_a395.09595 MOK _222 |
| 090 | 0 | 0 |
_a395.09595 _bMOK |
| 100 | 0 |
_aMokhtar Mohd Tohar _93164 |
|
| 245 | 1 | 0 |
_aProtokol dan etiket dalam pengurusan dan menghadiri majlis / _cMokhtar Mohd Tohar |
| 250 | _aEd. baru | ||
| 260 |
_aKuala Lumpur : _bInstitut Tadbiran Awam Negara, _c2007 |
||
| 300 |
_a465ms. ; _c23cm. |
||
| 500 | _aMengandungi indeks | ||
| 504 | _aBibliografi: ms. 457-460 | ||
| 650 | 1 | 0 |
_aGovernment etiquette _zMalaysia _93161 |
| 650 | 2 | 0 |
_aPrecedence _zMalaysia _93163 |
| 650 | 2 | 0 |
_aDiplomatic etiquette _zMalaysia _93162 |
| 710 | 2 |
_aInstitut Tadbiran Awam Negara _9410 |
|
| 942 |
_2ddc _cBOOK |
||